Welcome to CU Library Online Public Access Catalogue (OPAC)

Media and Public Relations: (Record no. 4901)

MARC details
000 -LEADER
fixed length control field 00481nam a22001697a 4500
005 - DATE AND TIME OF LATEST TRANSACTION
control field 20250317173633.0
008 - FIXED-LENGTH DATA ELEMENTS--GENERAL INFORMATION
fixed length control field 250317b |||||||| |||| 00| 0 eng d
020 ## - INTERNATIONAL STANDARD BOOK NUMBER
International Standard Book Number 9788179290996
050 ## - LIBRARY OF CONGRESS CALL NUMBER
Classification number HM1221 ROW
100 ## - MAIN ENTRY--PERSONAL NAME
Personal name Rowson Pauline
245 ## - TITLE STATEMENT
Title Media and Public Relations:
Remainder of title Simple step by step series
Statement of responsibility, etc. Pauline Rowson
250 ## - EDITION STATEMENT
Edition statement 1st Ed.
260 ## - PUBLICATION, DISTRIBUTION, ETC.
Place of publication, distribution, etc. New Dehli
Name of publisher, distributor, etc. Infinity Books
Date of publication, distribution, etc. 2005
300 ## - PHYSICAL DESCRIPTION
Extent 110p.
Dimensions 14 cm
650 ## - SUBJECT ADDED ENTRY--TOPICAL TERM
Source of heading or term Public Relations
942 ## - ADDED ENTRY ELEMENTS (KOHA)
Source of classification or shelving scheme Library of Congress Classification
Koha item type Books
Edition 1st Ed.
Suppress in OPAC No
999 ## -
-- 4901
-- 4901
Holdings
Withdrawn status Lost status Source of classification or shelving scheme Damaged status Not for loan Collection Home library Current library Shelving location Date acquired Total checkouts Full call number Barcode Date last seen Copy number Price effective from Koha item type
    Library of Congress Classification     Non-fiction Business Library (Miotso) Business Library (Miotso) General stacks 03/17/2025   HM1221 ROW BSSM00001423 03/17/2025 1 03/17/2025 Books
    Library of Congress Classification     Non-fiction Business Library (Miotso) Business Library (Miotso) General stacks 03/17/2025   HM1221 ROW BSSM00001424 03/17/2025 2 03/17/2025 Books
© 2023-2024 Copyright: Central University Libraries. All Rights Reserved | Created by: Mahone Tech Office